000 00560nam a2200205 i 4500
001 bgj
100 1 _aTRAPPES-LOMAX, Hugh
245 1 0 _aOxford Learner's Wordfinder Dictonary /
_cHugh Trappes-Lomax.
250 _a[3rd impr.].
260 _aOxford :
_bOxford University Press,
_c1997.
300 _aXIX, 519 pp :
_bill. ;
_c24 cm.
650 9 _aEnglish language
655 _aDictionaries
020 _a0194313085 (pbk)
040 _cBPK
041 0 _aeng
920 _a0-19-431308-5 (pbk)
942 _cKS
008 s uk f |000 0 eng
999 _c48249
_d48249